| 000 | 01593nmm a2200421 a 4500 | ||
|---|---|---|---|
| 003 | AR-BaBNM | ||
| 005 | 20251128205258.0 | ||
| 008 | 117019s1993 ||||||||||||||000 | spa|| | ||
| 020 | _a950-43-4895-9 | ||
| 040 | _cAR-BaBNM | ||
| 110 | 1 |
_aLa Rioja [provincia] _bMinisterio de Cultura y Educación |
|
| 245 | 1 | 0 |
_aCurso _benseñar a pensar modos de conservar produciendo. 3 |
| 260 |
_aLa Rioja _bADEZA _c1993 |
||
| 300 | 0 |
_a132 p. _bil., láms., tablas |
|
| 500 | 1 | _aEste curso es el resultado de una de las actividades que se desarrollan en la región de Los LLanos, en la Provincia de La Rioja, Argentina, en el marco del "Proyecto de Desarrollo Rural Integral de Los LLanos". Dicho proyecto es resultado de un convenio a | |
| 500 | 0 | _aGTZ: DEUTSCHE GESELLSCHAFT FUR TECHNISCHE ZUSAMMENARBEIT | |
| 504 | _aBibliografía: p. 132 | ||
| 650 | 4 | _aEDUCACION RURAL | |
| 650 | 4 | _aPLANES EDUCACIONALES | |
| 650 | 4 | _aPLANIFICACION REGIONAL | |
| 650 | 4 | _aZONAS RURALES | |
| 650 | 4 | _aDESARROLLO RURAL | |
| 650 | 4 | _aFAMILIA RURAL | |
| 650 | 4 | _aPOBLACION RURAL | |
| 650 | 4 | _aECOLOGIA | |
| 650 | 4 | _aFAUNA | |
| 650 | 4 | _aFLORA | |
| 650 | 4 | _aZOOGEOGRAFIA | |
| 651 | 4 | _aLa Rioja | |
| 700 | 1 |
_aCorominas de Bardeci, Alicia Teresita _ecolaborador |
|
| 700 | 1 |
_aGonzález, José María _ecolaborador |
|
| 700 | 1 |
_aMaldonado de Martínez, Patricia _ecolaborador |
|
| 700 | 1 |
_aValdez de Robles, Dalmira Inés _ecolaborador |
|
| 700 | 1 |
_aZamora de Pereyra, Juana Lucía _ecolaborador |
|
| 700 | 1 |
_aCedrato de Giménez, María Liliana _ecoordinador |
|
| 942 | _cBK | ||
| 998 | _csilvi | ||
| 999 |
_c10706 _d10706 |
||